Footballers with 3 or more UCL - Statistics

General Stats
  • This quiz has been taken 39 times
  • The average score is 1 of 23
Answers on the Grid
Answers color-coded by a green-red scale on the quiz's grid according to % correct below.
Alessandro Costacurta
Pedro Rodríguez
Mauro Tassotti
Barry Hulshoff
Javi Martínez
Seydou Keita
Leighton Baines
Ángel Di María
Park Ji-sung
Patrice Evra
Claude Makélélé
Antonio Valencia
Mario Mandžukić
Robert Pirès
Andrea Pirlo
Samuel Eto’o
Rafinha
Mariano Díaz
Jesé Rodríguez
Eric Abidal
Adriano Correia
Filippo Galli
Roberto Donadoni
Wim Suurbier
Ruud Krol
César Azpilicueta
Iván Campo
Juliano Belletti
Hans-Georg Schwarzenbeck
Piet Keizer
Arie Haan
Phil Neal
Jimmy Case
Angelo Colombo
James Milner
Naby Keïta
Kevin-Prince Boateng
Keylor Navas
Raphaël Varane
Dani Ceballos
 
Answer Stats
Answer % Correct
Pedro Rodríguez
20%
Rafinha
20%
Eric Abidal
15%
Hans-Georg Schwarzenbeck
10%
Jesé Rodríguez
10%
Mariano Díaz
10%
Phil Neal
10%
Ruud Krol
10%
Alessandro Costacurta
5%
Filippo Galli
5%
Juliano Belletti
5%
Roberto Donadoni
5%
Seydou Keita
5%
Wim Suurbier
5%
Adriano Correia
0%
Angelo Colombo
0%
Arie Haan
0%
Barry Hulshoff
0%
Iván Campo
0%
Javi Martínez
0%
Jimmy Case
0%
Mauro Tassotti
0%
Piet Keizer
0%
No matching quizzes found
Score Distribution
Percent of People with Each Score
Percentile by Number Answered
Your Score History
You have not taken this quiz